KOHA-Header-6

دیس بدیس (Record no. 13624)

000 -LEADER
fixed length control field 00291nam a22001097a 4500
082 ## - DEWEY DECIMAL CLASSIFICATION NUMBER
Classification number 808.84491
100 ## - MAIN ENTRY--AUTHOR NAME
Personal name نسیمہ بن سراج
245 ## - TITLE STATEMENT
Title دیس بدیس
260 ## - PUBLICATION, DISTRIBUTION, ETC. (IMPRINT)
Place of publication کراچی
Name of publisher خواجہ پرنٹرز اینڈ پبلشرز
Year of publication ٢٠٠٣
300 ## - PHYSICAL DESCRIPTION
Number of Pages ٢٣٣ صفحات
942 ## - ADDED ENTRY ELEMENTS (KOHA)
Koha item type Books
Holdings
Withdrawn status Lost status Collection code Permanent Location Current Location Shelving location Date acquired Full call number Accession Number Koha item type
    Urdu Literature MAJU MAJU Shelf No.A11 2022-12-23 808.84491 10714 Books

Powered by Koha